Đánh giá các yếu tố ảnh hưởng đến thu nhập của nông hộ trong quá trình xây dựng nông thôn mới trường hợp ở xã Xà Phiên, huyện Long Mỹ, tỉnh Hậu Giang : Luận văn tốt nghiệp cao học ngành Phát triển Nông thôn

Nội dung sách giới thiệu phương pháp luận và phương pháp nghiên cứu. Đánh giá các yếu tố ảnh hưởng đến thu nhập của nông hộ trong quá trình xây dựng nông thôn mới trường hợp ở xã Xà Phiên, huyện Long Mỹ, tỉnh Hậu Giang....

全面介紹

Đã lưu trong:
書目詳細資料
主要作者: Trần, Nguyễn Mỹ Linh
格式: 圖書
語言:Undetermined
出版: Cần Thơ Trường Đại học Cần Thơ 2018
主題:
標簽: 添加標簽
沒有標簽, 成為第一個標記此記錄!
Thư viện lưu trữ: Trung tâm Học liệu Trường Đại học Cần Thơ
LEADER 01379nam a2200229Ia 4500
001 CTU_227365
008 210402s9999 xx 000 0 und d
082 |a 338.13 
082 |b L312 
100 |a Trần, Nguyễn Mỹ Linh 
245 0 |a Đánh giá các yếu tố ảnh hưởng đến thu nhập của nông hộ trong quá trình xây dựng nông thôn mới trường hợp ở xã Xà Phiên, huyện Long Mỹ, tỉnh Hậu Giang : 
245 0 |b Luận văn tốt nghiệp cao học ngành Phát triển Nông thôn 
245 0 |c Trần Nguyễn Mỹ Linh ; Nguyễn Quang Tuyến (cán bộ hướng dẫn) 
260 |a Cần Thơ 
260 |b Trường Đại học Cần Thơ 
260 |c 2018 
520 |a Nội dung sách giới thiệu phương pháp luận và phương pháp nghiên cứu. Đánh giá các yếu tố ảnh hưởng đến thu nhập của nông hộ trong quá trình xây dựng nông thôn mới trường hợp ở xã Xà Phiên, huyện Long Mỹ, tỉnh Hậu Giang. 
650 |a Agriculture,Nông nghiệp 
650 |x Economic aspects,Khía cạnh kinh tế 
650 |z Vietnam,Việt Nam 
910 |b dqhieu 
980 |a Trung tâm Học liệu Trường Đại học Cần Thơ